Man and his music: the story of musical experience in the West /

Saved in:
Bibliographic Details
Main Author: Harman, Alec
Other Authors: Milner, Anthony, Mellers, Wilfrid, 1914-
Format: Book
Language:English
Published: London : Barrie & Rockliff, 1969.
Subjects:
LEADER 02407nam a2200493 a 4500
001 c000038146
003 CARM
005 20211201181122.0
008 700106r19691962enkag 001 0 eng
010 |a 72433045 
015 |a B69-17077--B69-17080 
019 1 |a 23883436  |z 42122903  |z 475229  |5 LACONCORD2021 
020 |a 0214665836 (pbk. : v.4) 
020 |a 0214665828 (pbk. : v.3) 
020 |a 021466581X (pbk. : v.2) 
020 |a 0214665801 (pbk. v.1) 
035 |a (OCoLC)49967  |5 LACONCORD2021 
040 |a LC  |b eng  |c LC  |d WLB  |d NUN 
050 0 0 |a ML160  |b .H284 1969 
082 0 0 |a 780.94 
082 1 4 |a 780/.9  |2 19 
100 1 |a Harman, Alec. 
245 1 0 |a Man and his music: the story of musical experience in the West /  |c Alec Harman [Anthony Milner and Wilfrid Mellers]. 
246 3 4 |a Man & his music 
260 |a London :  |b Barrie & Rockliff,  |c 1969. 
300 |a 4 v. :  |b ill., music. ;  |c 21 cm. 
500 |a Includes indexes. 
500 |a v. 2-4 reprinted : London : Barrie and Jenkins, 1973. 
500 |a First published in 1 vol. : London : Barrie and Rockcliff, 1962. 
505 0 |a v. 1. Mediaeval and early renaissance music / by A. Harman -- v. 2. Late renaissance and baroque music /by A. Harman and A. Milner -- v. 3. The sonata principle /by W. Mellers -- v. 4. Romanticism and the twentieth century / by W. Mellers. 
650 0 |a Music  |x History and criticism. 
700 1 |a Milner, Anthony. 
700 1 |a Mellers, Wilfrid,  |d 1914- 
852 8 |b CARM  |h A2:AE26B0  |i B00148  |p 0012947  |f BK 
852 8 |b CARM  |h A2:AE26B0  |i B00148  |p 0012954  |f BK 
852 8 |b CARM  |h A2:AE26B0  |i B00148  |p 0012952  |f BK 
852 8 |b CARM  |h A2:AE26B0  |i B00148  |p 0012953  |f BK 
852 8 |b CARM  |h A1:AL18A0  |i A05219  |p 0453861  |f BK 
999 f f |i 2a6fdda3-a1c6-5b43-8186-0c77d0da0a8c  |s 80acc19c-81c3-521b-8232-24e2d04f8506 
952 f f |p Can circulate  |a CAVAL  |b CAVAL  |c CAVAL  |d CARM 1 Store  |e A05219  |f A1:AL18A0  |h Other scheme  |i book  |m 0453861 
952 f f |p Can circulate  |a CAVAL  |b CAVAL  |c CAVAL  |d CARM 1 Store  |e B00148  |f A2:AE26B0  |h Other scheme  |i book  |j v.3 held  |m 0012952 
952 f f |p Can circulate  |a CAVAL  |b CAVAL  |c CAVAL  |d CARM 1 Store  |e B00148  |f A2:AE26B0  |h Other scheme  |i book  |j v.1 held  |m 0012947 
952 f f |p Can circulate  |a CAVAL  |b CAVAL  |c CAVAL  |d CARM 1 Store  |e B00148  |f A2:AE26B0  |h Other scheme  |i book  |j v.2 held  |m 0012954 
952 f f |p Can circulate  |a CAVAL  |b CAVAL  |c CAVAL  |d CARM 1 Store  |e B00148  |f A2:AE26B0  |h Other scheme  |i book  |j v.4 held  |m 0012953